| 000 | 00502nam a2200169 a 4500 | ||
|---|---|---|---|
| 005 | 20140310182408.0 | ||
| 008 | 070917s19uu xx 00 eng d | ||
| 020 | _a1-7415-7573-7 | ||
| 245 | _aHow things work. | ||
| 260 |
_aAustralia : _bHinkler Books, _cc 2006. |
||
| 300 | _a32 p. ; cm. | ||
| 440 | _aDiscover: my first library | ||
| 650 |
_aTechnology _xMiscellanea _xJuvenile literature. |
||
| 650 |
_aTechnology _xMiscellanea. |
||
| 650 | _aDiscover: my first library of knowledge | ||
| 942 | _cBK | ||
| 999 |
_c12784 _d12784 |
||